Winston Churchill - Statistics

General Stats
  • This quiz has been taken 126 times
  • The average score is 6 of 19
Answer Stats
Question Answer % Correct
How many times was Churchill Prime Minister of the U.K? Twice
79%
In World War Two, who was Prime Minister before Churchill? Neville Chamberlain
67%
In the middle of World War One, Churchill masterminded which campaign? Gallipoli
56%
During the 1930s Churchill disapproved of what policy? Appeasement
52%
By whom was Churchill knighted? Elizabeth II
42%
Churchill was an opponent of Indian what? Independence
42%
As a politician how many monarchs did Churchill serve under? Six
30%
Churchill is perhaps most famous four his what? Speeches
28%
When did his political career begin? 1900
25%
As well as being a politician and soldier, Churchill was a what? Artist
25%
During his lifetime suffered from what? Depression
22%
During which war was Churchill a prisoner of war? Second Boer War
20%
What term did Churchill popularise? Iron Curtain
19%
Which college did Churchill graduate from? Sandhurst
17%
To what position was Churchill appointed at the outbreak of World War Two? First Lord of the Admiralty
15%
What was CHurchill also known as? The British Bulldog
11%
What award did CHurchill win in 1953? Nobel Prize in Literature
9%
What did Churchill refer to as an 'affront to the history of mankind?' Prohibition
8%
At one point Churchill was named this. Honourary American Citizen
1%
No matching quizzes found
Score Distribution
Percent of People with Each Score
Percentile by Number Answered
Your Score History
You have not taken this quiz